000 00891nam a22001577a 4500
003 LRUA
005 20191209142943.0
008 191209b xxu||||| |||| 00| 0 eng d
040 _cRUA
082 _aLMA HON 2017 B652 Or.1
100 _914037
_aHON VANCHATHOU ហ៊ន វ៉ាន់ចាន់ធូ
245 _astudy on housing type and affordable housing price for low and medium income family in sankat chheung aek, khan dongkor, phnom penh សិក្សារពីប្រភេទ និង តម្លៃលំនៅឋានសមរម្យសម្រាប់គ្រួសារមានប្រាក់ចំណូលមធ្យម និង​​ទាបនៅសង្កាត់​ជើងឯក ខណ្ឌដង្កោ រាជធានីភ្នំពេញ
260 _aRUA
_bPhnom penh
_c2017
300 _ax;43p
_bill;
_c29cm
942 _2ddc
_cLMA
999 _c18483
_d18483